Порівняльний лексико-термінологічний аналіз промов американських президентів (Запис № 285927)

МАРК-запис
000 -Лідер
fixed length control field 01881nam a22002297a 4500
001 - Контрольний номер
control field 216222712
003 - Ідентифікатор контрольного номера
control field UA-OsUOA
005 - Дата та час останнього входження (трансакції)
control field 20220824113235.0
008 - Елементи даних фіксованої довжини – загальна інформація
fixed length control field 220824b un ||||f |||| 00| 0 ukr d
040 ## - Джерело каталогізації
Агенція оригінальної каталогізації UA-OsUOA
Мова каталогізації ukr
Агенція, яка здійснювала перезапис UA-OsUOA
Агенція, яка здійснювала модифікацію UA-OsUOA
041 ## - Код мови
Код мови тексту/ звукової доріжки чи окремого заголовка (П) ukr
080 ## - Індекс Універсальної десяткової класифікації
Індекс Універсальної десяткової класифікації (УДК) (НП) 81
090 ## - Локальний шифр розміщення
Класифікаційний індекс УДК 81
Авторський знак (НП) М30
100 ## - Основне введення – ім’я особи
Ім’я особи (НП) Марчак В. А.
245 ## - Відомості про назву
Назва (НП) Порівняльний лексико-термінологічний аналіз промов американських президентів
Дані про відповідальність (НП) Марчак В. А.
260 ## - Публікація, розповсюдження і т.п. (Вихідні дані)
Місце публікації, розповсюдження і т.п. (П) Острог
Ім’я/ наймення видавництва, розповсюджувача і т.п. (П) КАФ
Дата публікації, розповсюдження і т.п. (П) 2017
300 ## - Фізичний опис
Обсяг 50 c.
520 ## - Резюме і т.п.
Резюме, реферат, анотація, тощо (НП) Вступ.<br/>Розділ І. Характеристика політичного дискурсу.<br/>1.1. Основні поняття політичного дискурсу<br/>1.2. Функції політичних промов<br/>1.3. Маркери політичного дискурсу<br/>1.4. Лінгвістичний аналіз політичної промови як складової процесу політичної комунікації<br/>Розділ ІІ. Лексико-стилістичний аналіз політичних промов.<br/>2.1. Лексичні особливості політичних промов<br/>2.2. Стилістичні особливості політичних промов<br/>Розділ ІІІ. Аналіз політичного дискурсу Д. Трампа.<br/>3.1. Термінологічні одиниці у промовах Трампа<br/>3.2. Порівняльний аналіз ЛО у політичному дискурсі Д. Трампа, Ф. Д. Рузвельта, А. Лінкольна<br/>Висновки.<br/>Список використаних джерел.<br/>Додатки.
650 ## - Додаткове предметне введення – тематичний термін
Тематичний термін чи географічна назва, як елемент введення (НП) 81 Лінгвістика. Мовознавство. Мови
Джерело заголовка чи терміна UDC
942 ## - Додаткові елементи входу (Коха)
Тип елемента Koha Книги
Source of classification or shelving scheme Universal Decimal Classification
955 ## - Код типу видання за змістом
Код типу видання за змістом (НП) Наукові видання
Фонди
Стан вилучень Стан втрат Джерело класифікації або схеми стелажів Стан уражень Не для кредиту Постійне місце розташування Поточне розміщення Дата придбання Джерело придбання Вартість, звичайна ціна покупки Повний номер виклику Штрих-код Дата останнього перегляду Вартість, ціна заміни Ціна ефективна від Тип елемента Koha Примітка, призначена для загального доступу
    Universal Decimal Classification     ВІЛ - Відділ іноземн. літератури НБ ВІЛ - Відділ іноземн. літератури НБ 27/06/2017 Акт №02/17 1.00 81 М30 216044 10/11/2021 1.00 27/06/2017 Книги Дипломна робота (бакалавр)